Fenomén posilňovania pozícií minoritnej elity - národný, regionálny a globálny kontext
Rovnosť a nerovnosť vo všeobecnosti. Polemika o dôchodkovej a majetkovej rovnosti. Indikátory dôchodkovej nerovnosti, výkonnosti ekonomík, prosperity a spokojnosti s vlastným životom.
Uložené v:
| Hlavný autor: | |
|---|---|
| Médium: | Kapitola |
| Jazyk: | Slovak |
| Predmet: | |
| Tagy: |
Žiadne tagy, Buďte prvý, kto otaguje tento záznam!
|
MARC
| LEADER | 00000naa a2200000 4500 | ||
|---|---|---|---|
| 001 | 0150088 | ||
| 005 | 20240502072711.7 | ||
| 041 | 0 | |a slo | |
| 044 | |a SK | ||
| 245 | 1 | 0 | |a Fenomén posilňovania pozícií minoritnej elity - národný, regionálny a globálny kontext |c Dária Rozborilová |
| 520 | |a Rovnosť a nerovnosť vo všeobecnosti. Polemika o dôchodkovej a majetkovej rovnosti. Indikátory dôchodkovej nerovnosti, výkonnosti ekonomík, prosperity a spokojnosti s vlastným životom. | ||
| 610 | 2 | 0 | |a globalizácia |
| 610 | 2 | 0 | |a politika dôchodková |
| 610 | 2 | 0 | |a efektívnosť ekonomická |
| 610 | 2 | 0 | |a koncentrácia |
| 610 | 2 | 0 | |a bohatstvo |
| 610 | 2 | 0 | |a kvalita života |
| 610 | 2 | 0 | |a dôchodky |
| 100 | 1 | |a Rozborilová, Dária | |